Quick Pick: 'V' Cities Quiz Stats

 Plays Quiz Updated Sep 26, 2019

Score 0/15 Timer 01:30
1 Play Today
% Correct
Canada
96.4%
Russia
94.7%
Austria
93%
Vietnam
92%
Spain
88.3%
Italy
79.8%
France
68.4%
Finland
54.2%
% Correct
Argentina
53.3%
Turkey
52.2%
India
48.7%
Greece
48.1%
South Africa
47%
Brazil
44.5%
Mexico
42.9%

Today's Daily Dose

Missing Word
Banned Books (A-Z)

Word Ladder
Janis Joplin

Get the Picture
Occupations

You're not logged in!

Compare scores with friends on all Sporcle quizzes.
OR
Log In

Sporcle TV

Today on Sporcle TV


Watch our educational content, quiz creation guides, and fun videos on Sporcle TV.

Show Comments

Extras

Top Quizzes Today


Score Distribution

Your Account Isn't Verified!

In order to create a playlist on Sporcle, you need to verify the email address you used during registration. Go to your Sporcle Settings to finish the process.

Report this User

Report this user for behavior that violates our Community Guidelines.

Details: